|
|
|
|
| LEADER |
01175nab#a2200397#ar4500 |
| 001 |
000119081 |
| 003 |
SVKKK |
| 005 |
20170126102713.0 |
| 008 |
130826c2016 xo |||||||||||||||b|slo |
| FMT |
|
|
|
| 015 |
|
|
|a SNBRB2017/01
|
| 038 |
|
|
|a SVKKK
|
| 040 |
|
|
|a SVKKK
|b slo
|e AACR2
|
| 041 |
0 |
|
|a slo
|b eng
|b slo
|
| 044 |
|
|
|a xo
|c SK
|
| 080 |
|
|
|a 621.791.053.6
|2 2011
|
| 080 |
|
|
|a 621.921.1
|2 2011
|
| 245 |
0 |
0 |
|a Tribologické vlastnosti a tvrdosti práškových tvrdonávarov na báze NiCrBSi
|c Radovan Šoška ... [et al.]
|
| 246 |
3 |
1 |
|a Tribological properties and hardness of powder hardfaced layers based on NiCrBSi
|
| 300 |
|
|
|b Obr., tab.
|
| 504 |
|
|
|a Bibliogr. odkazy
|
| 546 |
|
|
|a Res. angl., slov.
|
| 650 |
0 |
4 |
|a tvrdonávary na báze NiCrBSi
|x technológie
|
| 650 |
0 |
4 |
|a kovové prášky NP 60 WC 45
|x vlastnosti
|
| 700 |
1 |
|
|a Šoška, Radovan
|4 aut
|
| 700 |
1 |
|
|a Čičo, Peter
|4 aut
|
| 700 |
1 |
|
|a Mikuš, Rastislav
|4 aut
|
| 700 |
1 |
|
|a Kováč, Ivan
|4 aut
|
| 773 |
0 |
|
|t Zvarovanie = Svařování
|g Roč. 65, č. 3-4 (2016), s. 67-70
|x 0044-5525
|
| 958 |
|
|
|a NB
|
| 974 |
|
|
|a MI
|
| 992 |
|
|
|a RBX
|
| BAS |
|
|
|
| 852 |
|
|
|a SVKKK
|b BIB
|
| EXP |
|
|
|
| 998 |
|
|
|a HUT
|